000 00190 a2200097 4500
001 17944
100 _aMarquand, J
245 _aLife
260 _a
_bOliver & Boyd
_c
090 _c13250
_d13250
942 _aNUST-CAE
_cM
_c3615
999 _c253017
_d253017